000 00250nam a2200097Ia 4500
001 1250808
005 20251031150903.0
008 251031s9999 xx 000 0 und d
245 0 _cTIM FERNHOLZ
_aH-5 ROKET MİLYARDERLERİ
260 _bDESTEK YAYINLARI
999 _c1250808
_d1250808